Normal view
MARC view
- تأليف: دبيان، السيد عبد المقصود / م.مشارك: علي احمد ابو الحسن
Entry Personal Name
001 - CONTROL NUMBER
- control field: 7946
003 - CONTROL NUMBER IDENTIFIER
- control field: JO-AjAnu
005 - DATE AND TIME OF LATEST TRANSACTION
- control field: 20230606071601.0
008 - FIXED-LENGTH DATA ELEMENTS
- fixed length control field: 230606|| aca||aabn | a|a d
040 ## - CATALOGING SOURCE
- Original cataloging agency: JO-AjAnu
- Transcribing agency: JO-AjAnu
100 ## - HEADING--PERSONAL NAME
- Personal name: تأليف: دبيان، السيد عبد المقصود / م.مشارك: علي احمد ابو الحسن
670 ## - SOURCE DATA FOUND
- Source citation: Work cat.: (JO-AjAnu)4104: تأليف: دبيان، السيد عبد المقصود / م.مشارك: علي احمد ابو الحسن, author, دراسات في النظم ومشاكل القياس المحاسبية